|
|
|
|
| LEADER |
00000cam a22000004a 4500 |
| 001 |
musev2_34819 |
| 003 |
MdBmJHUP |
| 005 |
20230905043650.0 |
| 006 |
m o d |
| 007 |
cr||||||||nn|n |
| 008 |
140830s2014 alu o 00 0 eng d |
| 020 |
|
|
|a 9781573668477
|
| 020 |
|
|
|z 9781573661805
|
| 035 |
|
|
|a (OCoLC)889675063
|
| 040 |
|
|
|a MdBmJHUP
|c MdBmJHUP
|
| 100 |
1 |
|
|a Goebel, Luke B.,
|d 1980-
|
| 245 |
1 |
0 |
|a Fourteen Stories, None of Them Are Yours :
|b A Novel /
|c Luke B. Goebel.
|
| 264 |
|
1 |
|a Tuscaloosa :
|b FC2,
|c 2014.
|
| 264 |
|
3 |
|a Baltimore, Md. :
|b Project MUSE,
|c 2014
|
| 264 |
|
4 |
|c ©2014.
|
| 300 |
|
|
|a 1 online resource (177 pages).
|
| 336 |
|
|
|a text
|b txt
|2 rdacontent
|
| 337 |
|
|
|a computer
|b c
|2 rdamedia
|
| 338 |
|
|
|a online resource
|b cr
|2 rdacarrier
|
| 520 |
|
|
|a In this dazzling debut about life after loss, Luke B. Goebel's heart-hurt, ultra-adrenalized alter ego, H. Roc, leads us on a raucous RV romp across what's left of postmodern America and beyond. Whether it's gobbling magic cacti at a native ceremony in Northern California, burning bad manuscripts in a backyard bonfire in East Texas, or travelling at top speed to an infamous editor's office in Manhattan (with a burnt-out barista and an illegal bald eagle as companions), scene by scene, story by story, Goebel plunges us into a madly original fictional realm characterized by heartbroken psychedel.
|
| 588 |
|
|
|a Description based on print version record.
|
| 650 |
|
7 |
|a Recreational vehicles.
|2 fast
|0 (OCoLC)fst01091919
|
| 650 |
|
7 |
|a Psychic trauma.
|2 fast
|0 (OCoLC)fst01081217
|
| 650 |
|
7 |
|a FICTION
|x General.
|2 bisacsh
|
| 650 |
|
6 |
|a Vehicules de loisir
|v Romans, nouvelles, etc.
|
| 650 |
|
6 |
|a Traumatisme psychique
|v Romans, nouvelles, etc.
|
| 650 |
|
0 |
|a Recreational vehicles
|v Fiction.
|
| 650 |
|
0 |
|a Psychic trauma
|v Fiction.
|
| 655 |
|
7 |
|a Psychological fiction.
|2 lcgft
|
| 655 |
|
7 |
|a Psychological fiction.
|2 gsafd
|
| 655 |
|
7 |
|a Fiction.
|2 fast
|0 (OCoLC)fst01423787
|
| 655 |
|
7 |
|a Psychological fiction.
|2 fast
|0 (OCoLC)fst01726481
|
| 655 |
|
4 |
|a Psychological fiction.
|
| 655 |
|
7 |
|a Electronic books.
|2 local
|
| 710 |
2 |
|
|a Project Muse.
|e distributor
|
| 830 |
|
0 |
|a Book collections on Project MUSE.
|
| 856 |
4 |
0 |
|z Texto completo
|u https://projectmuse.uam.elogim.com/book/34819/
|
| 945 |
|
|
|a Project MUSE - Custom Collection
|
| 945 |
|
|
|a Project MUSE - 2014 Complete
|
| 945 |
|
|
|a Project MUSE - 2014 Poetry, Fiction and Creative Non-Fiction
|